Catholic University of Zimbabwe Library
Online Public Access Catalogue
(OPAC)

Absence of mind : (Record no. 5609)

MARC details
000 -LEADER
fixed length control field 01072cam a2200277 a 4500
001 - CONTROL NUMBER
control field 0000005840
005 - DATE AND TIME OF LATEST TRANSACTION
control field 20170406121030.0
008 - FIXED-LENGTH DATA ELEMENTS--GENERAL INFORMATION
fixed length control field 091020s2010 ctu b 000 0 eng
010 ## - LIBRARY OF CONGRESS CONTROL NUMBER
LC control number 2009044020
020 ## - INTERNATIONAL STANDARD BOOK NUMBER
International Standard Book Number 9780300145182 (cloth : alk. paper)
040 ## - CATALOGING SOURCE
Original cataloging agency DLC
Transcribing agency DLC
Modifying agency DLC
050 00 - LIBRARY OF CONGRESS CALL NUMBER
Classification number BL241
Item number .R58 2010
082 00 - DEWEY DECIMAL CLASSIFICATION NUMBER
Classification number 201/.65
Edition number 22
100 1# - MAIN ENTRY--PERSONAL NAME
Personal name Robinson, Marilynne.
245 10 - TITLE STATEMENT
Title Absence of mind :
Remainder of title the dispelling of inwardness from the modern myth of the self /
Statement of responsibility, etc. Marilynne Robinson.
260 ## - PUBLICATION, DISTRIBUTION, ETC.
Place of publication, distribution, etc. New Haven :
Name of publisher, distributor, etc. Yale University Press,
Date of publication, distribution, etc. 2010.
300 ## - PHYSICAL DESCRIPTION
Extent xviii, 158 p. ;
Dimensions 21 cm.
500 ## - GENERAL NOTE
General note Essays from the lectures delivered at Yale University, the Dwight Harrington Terry Foundation.
504 ## - BIBLIOGRAPHY, ETC. NOTE
Bibliography, etc. note Includes bibliographical references.
505 0# - FORMATTED CONTENTS NOTE
Formatted contents note Introduction -- On human nature -- The strange history of altruism -- The Freudian self -- Thinking again.
650 #0 - SUBJECT ADDED ENTRY--TOPICAL TERM
Topical term or geographic name entry element Religion and science.
650 #0 - SUBJECT ADDED ENTRY--TOPICAL TERM
Topical term or geographic name entry element Philosophy, Modern.
650 #0 - SUBJECT ADDED ENTRY--TOPICAL TERM
Topical term or geographic name entry element Thought and thinking.
710 2# - ADDED ENTRY--CORPORATE NAME
Corporate name or jurisdiction name as entry element Dwight Harrington Terry Foundation.
908 ## - PUT COMMAND PARAMETER (RLIN)
Put command parameter 150520
Holdings
Withdrawn status Lost status Source of classification or shelving scheme Damaged status Not for loan Home library Current library Shelving location Date acquired Total Checkouts Full call number Barcode Date last seen Copy number Price effective from Koha item type
          CUZ Harare Campus CUZ Harare Campus Open Shelf 06.04.2017   BL 241. R58 BK0007079 22.05.2025 CU13079 06.04.2017 OS Book

OPENING HOURS

Weekdays: 0815hrs - 1800hrs
Weekends:0900hrs - 1200hrs

Closed for Mass:

Mon, Thur: 1200hrs - 1300hrs
Sunday & Public Holiday’s

CALL SUPPORT

0242-570570, 0242-570169
09200664, +263 8644140602

LOCATION

18443, Cranborne Avenue, Hatfield, Harare

Other Links


©2021 | CUZ Library